[Event "4th GRENKE Chess Classic"]
[Site "Karlsruhe GER"]
[Date "2017.04.20"]
[Round "5.2"]
[White "Aronian, L."]
[Black "Naiditsch, A."]
[Result "1-0"]
[WhiteElo "2774"]
[BlackElo "2702"]
[PlyCount "115"]
[EventDate "2017.04.15"]
[Source "ChessBase"]

1. c4 e6 2. g3 d5 3. Bg2 Nf6 4. Nf3 dxc4 5. O-O Nbd7 6. Qc2 c5 7. Na3 Nd5 8.
Nxc4 b5 9. Ne3 Bb7 10. Nxd5 Bxd5 11. e4 Bb7 12. d4 cxd4 13. Nxd4 Rc8 14. Qe2 a6
15. Rd1 Bc5 16. Nb3 Be7 17. Rd3 Qc7 18. Bf4 Ne5 19. Rc3 Qb8 20. Qh5 Bd6 21.
Rxc8+ Bxc8 22. Rd1 Bc7 23. Na5 Bd7 24. Bxe5 Bxe5 25. Rxd7 Kxd7 26. Qxf7+ Kd6
27. Bh3 Re8 28. Nb7+ Kc6 29. b4 Rf8 30. Qe7 Bd6 31. Na5+ Kb6 32. Qxe6 Re8 33.
Qd7 Bxb4 34. Nc6 Qd6 35. Qxe8 Qxc6 36. Qb8+ Qb7 37. Qxb7+ Kxb7 38. f4 Kc6 39.
Kf2 a5 40. Kf3 a4 41. Bf5 h6 42. Bg6 Kd7 43. e5 Bc5 44. Bd3 Kc6 45. Bc2 Kd5 46.
Be4+ Kc4 47. Bc6 Bg1 48. h4 Kc5 49. Be8 Bd4 50. h5 Bc3 51. Ke4 Be1 52. g4 Bd2
53. Kf5 a3 54. g5 b4 55. Ba4 Kd5 56. gxh6 gxh6 57. Bb3+ Kc5 58. Ke4 1-0

[Event "8th Danzhou Super GM 2017"]
[Site "Danzhou CHN"]
[Date "2017.07.13"]
[Round "5.4"]
[White "Wei Yi"]
[Black "Yu Yangyi"]
[Result "1-0"]
[WhiteElo "2738"]
[BlackElo "2753"]
[PlyCount "127"]
[EventDate "2017.07.09"]
[Source "ChessBase"]

1. e4 e5 2. Nf3 Nf6 3. Nxe5 d6 4. Nf3 Nxe4 5. d4 d5 6. Bd3 Be7 7. c4 Bb4+ 8.
Kf1 O-O 9. a3 Be7 10. cxd5 Nf6 11. Nc3 Nbd7 12. h4 Nb6 13. Bg5 Nfxd5 14. Qc2 h6
15. Re1 Re8 16. Ne5 Bxg5 17. hxg5 Qxg5 18. Bh7+ Kf8 19. Nxd5 Nxd5 20. Qc5+ Ne7
21. Re3 Bf5 22. Rh5 Qxh5 23. Nd7+ Bxd7 24. Qxh5 Rad8 25. Qc5 Bc6 26. Bc2 a6 27.
Bb3 Rd6 28. Qh5 Nd5 29. Rxe8+ Kxe8 30. Qg4 g6 31. Bxd5 Rxd5 32. Qc8+ Ke7 33.
Qxc7+ Kf6 34. Qf4+ Kg7 35. f3 a5 36. b3 h5 37. Kf2 Rb5 38. Qe3 Rd5 39. Ke1 Rf5
40. Qe7 Rd5 41. Qc7 Rf5 42. Qh2 Bd7 43. Kd2 Be6 44. Kc3 Bd5 45. b4 Bc6 46. Kb3
Bd5+ 47. Kc3 Bc6 48. Qh4 axb4+ 49. Kxb4 Rd5 50. Kc4 Rf5 51. Qd8 Bb5+ 52. Kb4
Bf1 53. g4 Rb5+ 54. Kc3 hxg4 55. a4 Rf5 56. fxg4 Rf3+ 57. Kb4 Rf4 58. Kc5 Bg2
59. Qg5 Re4 60. d5 Rxa4 61. Qe5+ Kf8 62. Qh8+ Ke7 63. d6+ Kd7 64. Qb8 1-0

[Event "79th Tata Steel Chess 2017-Masters"]
[Site "Wijk aan Zee"]
[Date "2017.01.24"]
[Round "9"]
[White "Andreikin, Dmitry"]
[Black "Eljanov, Pavel"]
[Result "1/2-1/2"]
[WhiteElo "2736"]
[BlackElo "2755"]
[PlyCount "107"]
[EventDate "2017.??.??"]
[EventCountry "NED"]
[Source "ChessBase"]

1. d4 Nf6 2. Bg5 e6 3. Nd2 h6 4. Bh4 d5 5. e3 c5 6. c3 Nc6 7. Bd3 Qb6 8. Rb1 e5
9. Ne2 cxd4 10. exd4 e4 11. Bc2 g5 12. Bg3 Bg7 13. O-O O-O 14. b4 Nh5 15. Bd6
Rd8 16. Bc5 Qc7 17. f3 $6 e3 18. b5 b6 $6 (18... Na5 $17) 19. bxc6 bxc5 20. Nb3
c4 21. Nc5 Nf4 22. Re1 Bf8 (22... Qxc6) 23. Ba4 Bxc5 24. dxc5 $6 (24. Nxf4 $1
gxf4 25. dxc5 Qa5 $13) 24... Nd3 {[%csl Gd3,Re1]} 25. Nd4 Nxe1 26. Qxe1 $17 Re8
27. h4 Re7 28. hxg5 hxg5 29. Rb7 $6 Bxb7 30. cxb7 Rb8 31. c6 Rbe8 32. Ne2 f6
33. Qd1 Rh7 34. Qxd5+ Kg7 35. g3 Rd8 36. Qe6 Rdh8 37. f4 Rh1+ 38. Kg2 R1h2+ 39.
Kf3 Rf2+ 40. Kxe3 Rhh2 41. Bd1 gxf4+ 42. Nxf4 Qb6+ 43. Ke4 Qb1+ 44. Kd5 Qxd1+
45. Kc5 Rxf4 46. Qe7+ Kg6 47. Qe8+ Kg7 48. Qe7+ Kh6 49. Qf8+ Kh7 50. Qf7+ Kh6
51. Qf8+ Kh7 52. Qf7+ Kh6 53. Qf8+ Kh7 54. Qf7+ 1/2-1/2

[Event "79th Tata Steel Chess 2017-Masters"]
[Site "Wijk aan Zee"]
[Date "2017.01.22"]
[Round "8"]
[White "Aronian, Levon"]
[Black "Giri, Anish"]
[Result "1-0"]
[WhiteElo "2780"]
[BlackElo "2773"]
[Annotator "EE"]
[PlyCount "85"]
[EventDate "2017.??.??"]
[EventCountry "NED"]
[Source "ChessBase"]

1. d4 Nf6 2. c4 e6 3. Nf3 d5 4. g3 Bb4+ 5. Bd2 Be7 6. Bg2 O-O 7. O-O c6 8. Na3
$5 {Une nouveauté dès le 8e coup d'une défense Bogo-Indienne particulièrement
analysée !} (8. Qc2 {1-0 (35) Carlsen,M (2851)-Eljanov,P (2765) Stavanger NOR
2016}) 8... Nbd7 9. Rc1 Ne4 10. Be3 Bxa3 11. bxa3 Nd6 12. c5 Nc4 {[%csl Yc4]
[%cal Gc1c4]} 13. Rxc4 $1 {Aucun doute, Anish Giri est tombé dans la
préparation de son adversaire du jour.} dxc4 14. Qc2 {[%csl Ya8,Rc4,Yc8,Ge3,
Gg2]} h6 {1h39-1h10} 15. Qxc4 {Avec un pion pour la qualité et aucune colonne
à disposition des Tours adverses, le sacrifice comporte peu de risques.} b6 {
Anish Giri tente justement d'ouvrir le jeu pour ses Tours, mais ça ne semble
pas aussi simple. Evidemment les Blancs ne vont pas prendre en b6, et en cas
de prise en c5 par les Noirs et la reprise par le pion "d", la colonne "d"
ouverte mène à la Dame noire. A noter aussi que la case b8 - pour la Ta8 -
peut être contrôlée par un Fou en f4.} 16. Bf4 $1 {[%csl Ya8,Rb8,Yc6,Gd6,Gf4,
Yf8,Gg2][%cal Yf4b8,Yf4d6,Yd6f8] Contrôle justement la case b8, et une fois ce
Fou implanté en d6 il vaudra bien une Tour !} Re8 17. Bd6 {[%csl Ya8,Yc8,Gd6,
Ye8][%cal Ya7a5,Yc8a6,Ya6c4,Yc4e2,Ye2f1]} Bb7 ({Giri renonce à} 17... a5 18. a4
Ba6 19. Qc2 {[%csl Ya8,Yc6,Gg2][%cal Yg2a8]}) 18. Ne5 {[%csl Rc6][%cal Yg2c6,
Ye5c6,Yd8c8]} bxc5 19. dxc5 $14 {[%csl Yb7,Yc6,Gd6,Gg2][%cal Yf1d1,Yd1b1,Yd1d8,
Yb1b8,Yd6f8,Yd6b8] 1h30-0h45} Nxe5 20. Bxe5 a5 21. Rb1 Ra7 22. Qc3 {[%csl Rg7]
[%cal Ye5g7,Yc3e5]} f6 {[%csl Yc6,Ye6]} 23. Bd6 {[%csl Ya7,Gb1,Yb7,Yc6,Gd6,Ye6,
Gg2] << Les échecs ont trois composantes : le temps, l'espace, et le matériel
en dernier. >> Mikhail Tal} Ba8 $16 {[%csl Ya7,Ya8,Gb1,Yc6,Gd6,Ye8,Gg2]} 24.
Be4 {[%csl Ya7,Ya8,Gb1,Yc6,Gd6,Ge4] La différence d'activité est énorme.} f5 {
Les Noirs veulent évidemment empêcher le Fou de venir se loger en g6, mais le
prix à payer est élevé. 1h23-0h27} 25. Bc2 Rb7 {[%csl Ya8,Yb7]} 26. Rd1 $1 {
Pas question d'échanger la Tour, les Blancs laissent les Noirs avec ce
placement plus qu'étrange Fa8/Tb7 en y ajoutant un vis-à-vis Td1/Dd8.} Rd7 27.
e4 $1 {[%csl Ya8,Yc6,Rf5][%cal Ra8c6,Rc6e4,Ge2e4,Ye4f5] Les Noirs jouent avec
un Fou de moins !} Qf6 {[%csl Ra5][%cal Yc3a5] Anish Giri est prêt à faire
quelques concessions pour soulager la pression : pions doublés ou perte du
pion a5.} 28. Qc4 $5 {et Levon refuse les deux propositions...} Kh8 29. Re1 Qf7
30. Qd3 f4 $5 {Le Néerlandais commence à en avoir marre de défendre pied à
pied.} 31. gxf4 e5 32. Qh3 Rxd6 {Il faut rendre du matériel.} (32... exf4 33.
e5 $18) 33. cxd6 Qg6+ 34. Qg3 Qxd6 35. Rd1 Qc5 36. Rd7 Rg8 37. Bb3 exf4 38. Qg6
f3 39. h4 Qc3 40. Bxg8 (40. Qg3 Re8 41. e5 $18) 40... Qe1+ 41. Kh2 Qxf2+ 42.
Kh3 Qf1+ 43. Kg4 1-0

[Event "Palma de Mallorca FIDE GP"]
[Site "Palma de Mallorca"]
[Date "2017.11.19"]
[Round "4"]
[White "Aronian, Levon"]
[Black "Giri, Anish"]
[Result "1-0"]
[WhiteElo "2801"]
[BlackElo "2762"]
[PlyCount "53"]
[EventDate "2017.11.16"]
[EventRounds "9"]
[EventCountry "ESP"]
[Source "ChessBase"]

1. Nf3 Nf6 2. c4 g6 3. Nc3 d5 4. cxd5 Nxd5 5. d3 Bg7 6. Bd2 O-O 7. g3 c5 8. h4
{An ambitious advance that shows White's aggressive intentions.} Nc6 9. h5 Nxc3
10. bxc3 c4 11. hxg6 hxg6 {For now, White managed to open the h file.} 12. Qa4
{Dreaming of reaching h4 when the pawn on c4 leaves.} Na5 {So Black makes it
hard.} 13. d4 b6 14. Bg2 Bb7 15. Qc2 Qd5 16. Nh4 Qd7 17. e4 e5 18. d5 Bc8 19.
f4 {White plays energetically, in spite of having the king in the center.} Qe7
20. f5 g5 21. Qd1 {Surprise! The queen heads to h5.} gxh4 22. Rxh4 Rd8 23. Qh5
Kf8 {The escape starts, but Aronian has a subtle resource.} 24. Rg4 Bf6 25.
Bh6+ Ke8 26. Rg8+ Kd7 27. d6 {And Black resigned.} (27. d6 Qxd6 28. Rd1) (27.
d6 Kxd6 28. Rd1+ Kc7 29. Rdxd8) 1-0

[Event "FIDE World Cup 2017"]
[Site "Tbilisi GEO"]
[Date "2017.09.09"]
[Round "3.1"]
[White "Carlsen, Magnus"]
[Black "Bu, Xiangzhi"]
[Result "0-1"]
[WhiteElo "2822"]
[BlackElo "2710"]
[Annotator "Bojkov, Dejan"]
[PlyCount "74"]
[EventDate "2017.09.03"]
[Source "ChessBase"]

1. e4 e5 2. Bc4 (2. Nf3 Nf6) 2... Nf6 3. d3 Nc6 4. Nf3 Be7 5. O-O O-O 6. Bb3 {
Prophylaxis against 6...d5-d5.} ({In case of} 6. c3 d5 7. exd5 Nxd5 8. Re1 Bg4
{White can hardly go for the e5 pawn as if} 9. h3 Bh5 10. g4 Bg6 11. Nxe5 Nxe5
12. Rxe5 Nb6 $1 {Puts a question on the bishop on c4 and the pawn on d3.}) (6.
Re1 {is the other prophylactical move.}) 6... d6 ({In comparison to the
above-mentioned line} 6... d5 {is less effective. White goes} 7. exd5 Nxd5 8.
Re1 (8. h3 {is a calmer way to play the position.}) 8... Bg4 9. h3 Bh5 10. g4
Bg6 11. Nxe5 Nxe5 12. Rxe5 {and his bishop and pawn on d3 are safe. True,
Kasparov tried this as Black against Kramnik in Novgorod 1995, but Carlsen and
Bu probably knew something more about the position.}) 7. c3 Be6 8. Re1 Qd7 9.
Nbd2 Rab8 $146 {A novelty and a somewhat mysterious move, which prepares...
d6-d5! The point is that after the trade on d5 Black often has problems with
his e5 pawn. Bu wants to meet the Bb3-a4 idea with timely b7-b5, thus breaking
the pin and safeguarding the pawn.} ({Previously only} 9... Rad8 {has been
tested with slow positional battle after} 10. Nf1 h6 11. h3 a6 12. Ng3 Rfe8 (
12... d5 $5) 13. a4 {Lorenzini,M (2482)-Vajda,L (2612) Istanbul 2012}) (9... d5
10. Ba4 Qd6 11. exd5 Bxd5 12. Bxc6) 10. Bc2 {A typical retreat to keep the
tension.} d5 $5 {Here we go. Black sacrifices his central pawn like in the
Marshall line of the Ruy Lopez.} 11. h3 {And the World Champion rejects the
offer. With this move White covers the g4 spot and threatens Nf3-g5.} ({
Apparently Carlsen disliked the black pieces getting too close to his king.
After} 11. exd5 Bxd5 (11... Nxd5 {is also possible but a far inferior version
of the game continuation for Black after} 12. Nxe5 Nxe5 13. Rxe5 Bd6 14. Re1) (
11... Qxd5 12. Nc4 Nd7 13. Bb3 {looks awkward for Black.}) 12. Nxe5 (12. Nc4 $5
) 12... Nxe5 13. Rxe5 Bd6 14. Re1 Ng4 {[%csl Ya1,Yc1,Yc2,Yd2][%cal Gd6h2,Gd5g2]
is probably the move that annoyed Carlsen, although} (14... Rfe8 {should give
Black compensation for a pawn similar to the Marshall Gambit.}) 15. Nf1 {seems
solid enough for White. Black however has compensation for a pawn after} Rbe8)
(11. Ng5 Bg4 {gives nothing to White.}) 11... h6 (11... dxe4 {was also possible
} 12. dxe4 h6 13. Qe2 {where White is a little better.}) 12. exd5 {Nor Carlsen
snatches the pawn, but he misses an important detail.} Nxd5 13. Nxe5 Nxe5 14.
Rxe5 Bd6 15. Re1 {This is inaccurate.} ({Trickier was} 15. Re4 $5 {when} Bxh3 {
no longer works due to} ({Which means that Black has to search for
compensation with} 15... Nf6 $5 16. Re1) ({Or} 15... f5) 16. gxh3 Qxh3 17. Nf3
Rbe8 18. Rh4 $1) 15... Bxh3 $1 {This detail! Black has either a guaranteed
draw or a strong attack!} 16. gxh3 (16. Ne4 Bg4 17. f3 Bf5 18. Nxd6 Qxd6 19. d4
Bxc2 20. Qxc2 Rfe8 21. Bd2) 16... Qxh3 17. Nf1 {Carlsen decides to play for a
win!} ({A draw would be forced after} 17. Qf3 Bh2+ {is perpetual at once after}
18. Kh1 Bg3+ 19. Kg1 Rbe8 $5 {A winning attempt.} (19... Bh2+ {is perpetual at
once after} 20. Kh1 Bg3+) 20. Re4 $1 ({Not} 20. Rxe8 $2 Rxe8 21. fxg3 Re3 {and
Black wins.}) 20... Bh2+ {and perpetual.} ({Black cannot play for a win} 20...
f5 $2 21. Qxg3)) (17. Nf3 Qg4+ (17... Rbe8 18. d4 Rxe1+ 19. Qxe1)) 17... Rbe8
18. d4 {An inaccuracy according to Bu. The idea is Bc2-e4-g2 to cover the king.
} (18. Bb3 c6 19. d4 {might transpose into the game.}) ({The Chinese
grandmaster suggested instead} 18. Bd2 {This is also the computer's suggestion
which claims equality. A possible line runs:} g5 19. Rxe8 Rxe8 20. d4 c6 21. c4
Nf6 22. Be3 Ng4 23. Bf5 Bh2+ 24. Kh1 Bd6+ {with perpetual. Of course, this is
just a fragment of the possibilities for both the sides, although it is clear
that Black has all the fun.}) (18. Bd2 f5 19. Bb3 c6 20. Bxd5+ cxd5 21. Qb3 Qf3
(21... Qxd3) 22. Rxe8 Rxe8 23. Re1 Rxe1 24. Bxe1 f4) 18... f5 $1 {This not
only stops White's intentions but prepares a rook lift along the sixth rank.}
19. Bb3 ({Another exciting computer line runs} 19. f4 Bxf4 20. Bb3 Bh2+ 21.
Nxh2 Qg3+ 22. Kf1 Qh3+ 23. Kf2 (23. Kg1 Qg3+) 23... Qxh2+ 24. Kf1 Qh1+ {with
perpetual.}) 19... c6 20. f4 ({It is too late for} 20. Bd2 {For example} Kh7
21. Re2 Rf6 22. Ng3 Rg6 23. Qf1 Qh5 {and Black's attack seems crushing.}) 20...
Kh7 {Rf8-f6-g6 is in the air.} 21. Bxd5 $2 {Unsurprisingly, Carlsen got low on
time and had to make difficult decisions with less and less resources.} (21.
Re2 $1 {was best instead with the idea to get rid of the queens after} Nxf4 (
21... Rxe2 22. Qxe2 Rf6 23. Bxd5 cxd5 24. Nh2 Rg6+ 25. Kh1) (21... Bxf4 22.
Rxe8 Rxe8 23. Bxd5 Bxc1 24. Bg2 Be3+ 25. Nxe3 Qxe3+ 26. Kh1) 22. Rh2 Qg4+ 23.
Qxg4 fxg4 24. Bxf4 Rxf4) (21. Re2 Nxf4 22. Rh2 Qg4+ 23. Qxg4 fxg4) 21... cxd5
22. Re3 ({If} 22. Re5 {both} g5 ({And the simple} 22... Bxe5 23. dxe5 g5 24.
Qxd5 gxf4 {provide Black huge attack for free.})) 22... Rxe3 23. Bxe3 g5 $1 {
Very powerful play by Bu! Perhaps Carlsen underestimated this move. Now
besides the rook, the f-pawns enter the attack. And a pawn may tip the
attacking balance in Black's favor!} ({White would have evacuated his king
after} 23... Rf6 24. Kf2 Qh4+ 25. Ke2) 24. Kf2 ({Here is a line where the
f-pawn speaks for itself:} 24. fxg5 f4 25. Bf2 ({Or} 25. Qc2+ Rf5 26. Bxf4 (26.
Bf2 f3 $1 27. Bh4 hxg5) 26... Bxf4) 25... f3) 24... gxf4 25. Qf3 {The most
resilient.} ({White is getting mated after} 25. Bd2 Qh4+ 26. Ke2 f3+ $1 {For
example:} 27. Kxf3 Rg8 28. Qc2 Qg4+ 29. Kf2 Bg3+ 30. Nxg3 Qxg3+ 31. Ke2 Qg2+
32. Kd1 Qf3+ 33. Kc1 Rg1+) 25... fxe3+ 26. Nxe3 Qh2+ 27. Kf1 {Black regained
the pawn and is in fact up in material. He also kept a huge attack and is
obviously winning.} Rg8 ({Black avoids any complications possible after} 27...
Qxb2 28. Re1 Qxc3 29. Qxd5) ({Right after the game Bu thought that the text
move was a mistake and he suggested} 27... Bf4 {or}) (27... Rf6 {but ... Rg8
is fine.}) 28. Qxf5+ Rg6 29. Ke1 {Missed by Bu.} (29. Re1 {would not help
neither after} Kg7 30. Qd7+ Kh8 31. Qd8+ Rg8 32. Qf6+ Rg7 33. a3 (33. Nxd5 Qg2#
) 33... Kg8 34. Ng4 Qh3+) 29... h5 {Bu slips a step away from the win. With 20
minutes on the clock against seconds for his opponent the Chinese GM loses his
calm.} (29... Kg7 $1 {would had won. The position is very complicated and
there are plenty of checks but Black can escape those-} 30. Qd7+ Kh8 31. Qd8+
Kh7 32. Qd7+ Rg7 33. Qf5+ Kh8 34. Rc1 (34. Rd1 Rg1+ 35. Nf1 Bg3+ 36. Qf2 Qxf2#)
(34. Qc8+ Rg8 35. Qf5 Rg1+ 36. Nf1 Qxb2) 34... Rg1+ 35. Nf1 Qxb2 {and Black
wins.}) 30. Kd1 {Played with five seconds on the clock!} ({Carlsen missed a
chance to complicate matters with} 30. Rd1 $1 {Bringing the rook into the game.
} Kh6 31. Rd2 Rg1+ 32. Nf1 Qf4 33. Qe6+ Rg6 34. Qe8 {Black is still much
better, but not certainly winning.}) 30... Kh6 {Now it is practically over.
Black combines the advance of the h-passer with the attack against the enemy
king to wrap the game up.} 31. Nc2 h4 32. Ne1 h3 ({Still avoiding the small
fish} 32... Qxb2) 33. Nf3 Qg2 34. Ne1 Qg4+ 35. Qxg4 Rxg4 36. Nf3 Rg1+ $1 {A
neat finish of a brilliant game!} 37. Nxg1 h2 0-1

[Event "Nutcracker Men Classic 2017"]
[Site "Moscow"]
[Date "2017.12.19"]
[Round "1"]
[White "Yuffa, Daniil"]
[Black "Rublevsky, Sergei"]
[Result "1/2-1/2"]
[WhiteElo "2522"]
[BlackElo "2683"]
[PlyCount "106"]
[EventDate "2017.??.??"]
[EventCountry "RUS"]
[Source "ChessBase"]

1. d4 d5 2. c4 c6 3. Nc3 Nf6 4. Nf3 dxc4 5. a4 e6 6. e4 Bb4 7. e5 Nd5 8. Bd2 b5
9. axb5 Bxc3 10. bxc3 cxb5 11. Ng5 Nc6 12. Qh5 Qe7 13. h4 Bb7 14. Rh3 Nd8 15.
Rg3 g6 16. Qd1 f5 17. exf6 Nxf6 18. Qb1 a6 19. Be2 Nf7 20. h5 O-O-O 21. Nxf7
Qxf7 22. Bg5 Rd7 {[%csl Ga6,Gb5,Gc4,Gc8]} 23. Rxa6 {[%csl Ra6,Yb5,Yc8,Rf6,Gg3,
Gg5][%cal Yg3f3,Yf3f6,Yb7a6,Ga1a6]} Ne4 $6 (23... Bxa6 24. Rf3 Rf8 25. Bxf6 Bb7
26. Rf4 Qe8 $13) 24. Rf3 Qe8 25. Bf4 Bxa6 26. Qxe4 Rd5 27. Re3 gxh5 $6 28. Bh2
$6 {0h05-0h25} (28. Bxh5 $1 Qd7 (28... Rxh5 $2 29. Qa8+ Kd7 30. Qa7+ Kc6 31.
Qc7+ Kd5 32. Qd6#) (28... Qxh5 29. Qxe6+ Kb7 30. Qe7+ Ka8 31. Qf6 $18 {[%csl
Ra6,Rh8][%cal Yf6a6,Yf6h8]}) 29. Bg4 Re8 30. Bxe6 Rxe6 31. Qxe6 Qxe6 32. Rxe6
Bb7 33. Rb6 $16) 28... Bb7 29. Qf4 e5 30. Qf5+ Qd7 31. Qf6 Qd8 32. Qe6+ Qd7 33.
Qf6 Qd8 34. Qe6+ Qd7 35. Qb6 $5 (35. Qf6 $11) 35... Qc6 36. Qa7 $2 Re8 $2 {
1'40"-5'25"} (36... Kd7 $1 $18 {[%cal Yh8a8]}) 37. Bxh5 $1 Qh6 $2 (37... Re7)
38. g4 $2 (38. Bxe8 $1 Qxh2 39. Bf7 Qh1+ 40. Ke2 Qxg2 41. Bxd5 Qxd5 42. Qc5+
$18) 38... b4 39. cxb4 Qd6 40. Qa4 Rd8 41. g5 Rxd4 42. Bxe5 Qb6 (42... Qc6 43.
Qxc6+ Bxc6 44. Bxd4 Rxd4 $16) 43. Bxd4 Qxd4 44. Qd1 Kc7 45. Qxd4 Rxd4 46. Re7+
Kb6 47. Rxh7 c3 48. Bd1 Re4+ 49. Kf1 Rxb4 50. Ke2 Rb2+ 51. Ke3 c2 52. Bxc2 Rxc2
53. f4 Rg2 1/2-1/2

[Event "21st European Teams"]
[Site "Hersonissos GRE"]
[Date "2017.11.05"]
[Round "8.4"]
[White "Mamedov, Rauf"]
[Black "Dubov, Daniil"]
[Result "1-0"]
[WhiteElo "2678"]
[BlackElo "2677"]
[PlyCount "115"]
[EventDate "2017.10.28"]
[Source "ChessBase"]
[WhiteTeam "Azerbaijan"]
[BlackTeam "Russia"]
[WhiteTeamCountry "AZE"]
[BlackTeamCountry "RUS"]

1. e4 c5 2. Nf3 Nc6 3. Bb5 g6 4. O-O Bg7 5. Re1 Nf6 6. e5 Nd5 7. Nc3 Nc7 8.
Bxc6 dxc6 9. Ne4 b6 10. Nf6+ Kf8 11. Ne4 Bg4 12. d3 {Sylvain : j'ai eu cette
position avec les Noirs en interclubs contre le grand maître Igor Glek fin
janvier 2018... sans la reconnaître !!! (hallucinant) J'ai considéré Fxe5
comme dangereux et j'ai opté pour 12...Ce6. La partie s'est achevée par la
nulle après 68 coups.} Bxe5 13. Nxe5 $3 Bxd1 14. Bh6+ Kg8 (14... Ke8 15. Nxc6
$1 $16 {menace Cf6 mat !}) 15. Nxc6 Bxc2 $1 (15... Qd7 16. Nf6+ exf6 17. Ne7+
Qxe7 18. Rxe7 $16) 16. Nxc5 $5 bxc5 17. Nxd8 Rxd8 18. Rxe7 Ne6 19. Re1 Ba4 20.
Rxa7 Bc6 21. h4 Ra8 22. Rxe6 $1 fxe6 23. Rc7 Rd8 $2 (23... Bd5 $11) 24. Rxc6
Kf7 25. Rc7+ Ke8 26. Bg5 $16 Rb8 27. Re7+ Kf8 28. Bf6 Ra8 29. a3 h5 30. Rc7 Rg8
31. f4 Ke8 32. Kf2 Rb8 33. Be5 Rb3 34. Ke3 Kd8 35. Rxc5 Rb7 36. Bc3 Ra7 37. Bb4
Kd7 38. Rg5 Kc6 39. Ke4 Rf7 40. Rc5+ Kb6 41. Re5 Re8 42. Ba5+ Kc6 43. Bc3 Rf5
44. g3 Kd7 45. Ra5 Rxa5 46. Bxa5 Ra8 47. Bb4 Rc8 48. Bc3 Ra8 49. Ke5 Ra6 50.
Kf6 Rd6 51. Kxg6 Rxd3 52. Kxh5 Rxg3 53. a4 Kc6 54. Be5 Rg1 55. Kh6 Ra1 56. h5
Rxa4 57. Kg6 Ra1 58. Bf6 1-0

[Event "Dortmund 45th"]
[Site "Dortmund"]
[Date "2017.07.23"]
[Round "7"]
[White "Kramnik, Vladimir"]
[Black "Bluebaum, Matthias"]
[Result "1-0"]
[WhiteElo "2812"]
[BlackElo "2642"]
[Annotator "chess.com"]
[PlyCount "69"]
[EventDate "2017.07.15"]
[EventRounds "7"]
[EventCountry "GER"]
[EventCategory "19"]
[Source "ChessBase"]

1. Nf3 d5 2. g3 Bg4 3. Bg2 e6 4. O-O Nf6 5. d3 Be7 6. h3 Bh5 7. c4 c6 8. Qb3 {
A characteristic move in positions where Black has developed the c8 bishop
very early, urging the opponent to weaken by advancing the pawns in that
sector.} Qc8 9. g4 Bg6 10. cxd5 cxd5 (10... exd5 $5) 11. Bf4 {With the enemy
queen on c8, White is in a hurry to take his rook to c1.} Nc6 12. Nc3 O-O 13.
Rac1 Qd7 14. Ne5 Nxe5 15. Bxe5 {White has some interesting ideas in mind, like
playing for the c file or advancing the kingside pawns against the isolated
bishop on g6.} h5 16. g5 Ne8 17. f4 Bc5+ 18. d4 Bb6 19. f5 {Let the party
start..} Bxf5 20. Rxf5 exf5 {Now the d5 pawn drops, but the most important
thing is that the main defender of the castle is gone.} 21. Nxd5 Qe6 22. Kh1
Rd8 23. Qf3 g6 24. e3 Kh7 25. Nf4 {The white pieces get closer to their prey,
the black king.} Qe7 26. Qg3 (26. h4 $5) 26... Bc7 27. Rxc7 {Another surprise.
Takes the knight away from the king's defense.} Nxc7 28. Bf6 Qb4 29. Nxh5 gxh5
{It was necessary to accept the gift. Otherwise the queen would come to h4 and
the mates were immediate.} 30. g6+ {Another wonderful move, trying to free the
seventh rank.} Kg8 (30... fxg6 31. Qxc7+ {followed by mate on g7.}) 31. Qg5 h4
32. Qh6 Qe1+ 33. Kh2 Qg3+ 34. Kg1 Qe1+ 35. Bf1 (35. Bf1 Qg3+ 36. Kh1 Qf3+ 37.
Bg2 Qd1+ 38. Kh2 {and there are no more checks.} Ne8 39. Qh7# (39. Qh8#)) 1-0